[Event "Tunja Boyacense op"]
[Site "Tunja"]
[Date "2018.12.14"]
[Round "3"]
[White "Mesa Caceres, Anselmo"]
[Black "Mogollon Tobar, Nicolle Juliet"]
[Result "0-1"]
[WhiteElo "1555"]
[BlackElo "1412"]
[PlyCount "27"]
[EventDate "2018.12.13"]
[EventType "swiss"]
[EventRounds "7"]
[EventCountry "COL"]
[SourceTitle "CBM 187 Extra"]
[Source "ChessBase"]
[SourceDate "2018.11.04"]
[SourceVersion "1"]
[SourceVersionDate "2018.11.04"]
[SourceQuality "1"]

1. d4 d5 2. c3 Nf6 3. Bf4 e6 4. Nf3 Be7 5. e3 0-0 6. Bd3 Nbd7 7. 0-0 b6 8. Qc2 Bb7 9. Ne5 c5 10. Nxd7 Qxd7 11. dxc5 bxc5 12. Nd2 c4 13. Be2 Bd6 14. Bg3 0-1

[Event "Tunja Boyacense op"]
[Site "Tunja"]
[Date "2018.12.13"]
[Round "1"]
[White "Mesa Caceres, Anselmo"]
[Black "Castillo Barajas, Jonhatan"]
[Result "0-1"]
[WhiteElo "1555"]
[BlackElo "1829"]
[PlyCount "38"]
[EventDate "2018.12.13"]
[EventType "swiss"]
[EventRounds "7"]
[EventCountry "COL"]
[SourceTitle "CBM 187 Extra"]
[Source "ChessBase"]
[SourceDate "2018.11.04"]
[SourceVersion "1"]
[SourceVersionDate "2018.11.04"]
[SourceQuality "1"]

1. d4 Nf6 2. Nf3 d5 3. c3 e6 4. h3 Bd6 5. Nbd2 c5 6. dxc5 Bxc5 7. e3 Nc6 8. Bb5 Qc7 9. Nd4 e5 10. Nxc6 bxc6 11. Be2 0-0 12. 0-0 Qd6 13. b4 Bb6 14. Nf3 Bc7 15. Nd2 e4 16. f4 exf3 17. Nxf3 Ne4 18. Bb2 Bxh3 19. Qd4 Qg3 0-1